000
00296nam a22001337a 4500
082
_a
894.812.3
_b
KAV/K
100
_a
KAVILPAD, ABCV
245
_a
KUTTIKALKULLA MAHABHARATHA KATHAKAL
250
_a
FIFTH
260
_a
THRISSUR
_b
H&C
_c
2013
300
_a
112
650
_a
STORY
_z
KERALA
942
_c
BK
999
_c
1637
_d
1637